000 00498nam a2200181Ia 4500
999 _c19751
_d19751
003 OSt
005 20200701143950.0
008 190216s9999||||xx |||||||||||||| ||und||
020 _a0710096585
040 _coclc
082 _a907
_bFER/U
100 _aFerro, Marc
_93417
245 4 _aThe Use And Abuse Of History /
_cMarc Ferro
260 _bRoutledge & Kegan Paul,
_c1984.
_aLondon:
300 _a257p
650 _aHistory
942 _cBK
_2ddc
_h907
_iFER/U
_k907
_mFER/U